Every Song by Fall Out Boy - Statistics

General Stats
  • This quiz has been taken 314 times
    206 since last reset
  • The average score is 56 of 132
Answer Stats
Album Song % Correct
From Under the Cork Tree(2005) Dance, Dance
82%
American Beauty/American Psycho(2015) Centuries
75%
American Beauty/American Psycho(2015) Immortals
72%
Save Rock and Roll(2013) My Songs Know What You Did in the Dark (Light 'Em Up)
72%
From Under the Cork Tree(2005) Sugar, Were Goin' Down
71%
Infinity on High(2007) Thnks Fr Th Mmrs
69%
Save Rock and Roll(2013) The Phoenix
68%
American Beauty/American Psycho(2015) American Beauty / American Psycho
67%
Save Rock and Roll(2013) Save Rock and Roll
67%
Infinity on High(2007) This Ain't a Scene, It's An Arms Race
67%
Folie à Deux(2009) I Don't Care
63%
Take This to Your Grave(2003) Grand Theft Autumn / Where Is Your Boy
62%
Take This to Your Grave(2003) Saturday
62%
From Under the Cork Tree(2005) XO
62%
So Much (for) Stardust(2023) So Much (for) Stardust
61%
American Beauty/American Psycho(2015) Uma Thurman
61%
Infinity on High(2007) Thriller
57%
MANIA(2018) The Last of the Real Ones
55%
Folie à Deux(2009) America's Suitehearts
54%
American Beauty/American Psycho(2015) Irresistible
54%
From Under the Cork Tree(2005) Our Lawyer Made Us Change the Name of This Song So We Wouldn't Get Sued
54%
Folie à Deux(2009) Disloyal Order of Water Buffaloes
53%
Folie à Deux(2009) 27
52%
From Under the Cork Tree(2005) A Little Less Sixteen Candles, a Little More "Touch Me"
52%
Infinity on High(2007) Golden
52%
MANIA(2018) HOLD ME TIGHT OR DON'T
52%
American Beauty/American Psycho(2015) Novocaine
52%
Save Rock and Roll(2013) Rat a Tat
52%
Take This to Your Grave(2003) Tell That Mick He Just Made My List of Things to Do Today
52%
Save Rock and Roll(2013) Alone Together
51%
Take This to Your Grave(2003) Dead on Arrival
51%
American Beauty/American Psycho(2015) The Kids Aren't Alright
51%
From Under the Cork Tree(2005) Get Busy Living or Get Busy Dying (Do Your Part to Save the Scene and Stop Going to Shows)
49%
Infinity on High(Bonus)(2007) G.I.N.A.S.F.S.
49%
Folie à Deux(2009) Headfirst Slide Into Cooperstown on a Bad Bet
49%
MANIA(2018) Stay Frosty Royal Milk Tea
49%
Infinity on High(2007) The Take Over, the Breaks Over
49%
Folie à Deux(2009) What a Catch, Donnie
49%
Folie à Deux(2009) 20 Dollar Nose Bleed
48%
Take This to Your Grave(2003) Chicago is So Two Years Ago
48%
Take This to Your Grave(2003) Homesick at Space Camp
48%
MANIA(2018) Bishop's Knife Trick
47%
MANIA(2018) Champion
47%
Folie à Deux(2009) Coffee's for Closers
47%
So Much (for) Stardust(2023) Love from the Other Side
47%
American Beauty/American Psycho(2015) Twin Skeleton's (Hotel in NYC)
47%
Folie à Deux(2009) West Coast Smoker
47%
Save Rock and Roll(2013) Young Volcanoes
47%
So Much (for) Stardust(2023) Heartbreak Feels So Good
46%
Fall Out Boy's Evening Out with Your Girlfriend(2002) Pretty in Punk
46%
American Beauty/American Psycho(2015) Fourth of July
45%
So Much (for) Stardust(2023) Hold Me Like a Grudge
45%
Infinity on High(2007) I'm Like a Lawyer With the Way I'm Always Trying to Get You Off(Me and You)
45%
Lake Effect Kid(2018) Lake Effect Kid
45%
From Under the Cork Tree(2005) Nobody Puts Baby in the Corner
45%
Folie à Deux(2009) She's My Winona
45%
From Under the Cork Tree(2005) Sophomore Slump or Comeback of The Year
45%
Folie à Deux(2009) Tiffany Blews
45%
From Under the Cork Tree(2005) 7 Minutes in Heaven (Atavan Halen)
44%
MANIA(2018) Church
44%
Save Rock and Roll(2013) Just One Yesterday
44%
Save Rock and Roll(2013) Miss Missing You
44%
Take This to Your Grave(2003) The Patron Saint of Liars and Fakes
44%
Infinity on High(2007) Bang the Doldrums
43%
Take This to Your Grave(2003) Calm Before the Storm
43%
From Under the Cork Tree(2005) Champagne for My Real Friends, Real Pain for My Sham Friends
43%
Infinity on High(2007) Fame < Infamy
43%
Infinity on High(2007) Hum Hallelujah
43%
From Under the Cork Tree(2005) I Slept With Someone in Fall Out Boy and All I Got Was This Stupid Song Written About Me
43%
Infinity on High(2007) I've Got All This Ringing in My Ears and None on My Fingers
43%
American Beauty/American Psycho(2015) Jet Pack Blues
43%
Save Rock and Roll(2013) Death Valley
41%
From Under the Cork Tree(2005) I've Got a Dark Alley and a Bad Idea That Says You Should Shut Your Mouth (Summer Song)
41%
From Under the Cork Tree(2005) Of All the Gin Joints in All the World
41%
Folie à Deux(Bonus)(2009) Pavlove
41%
Take This to Your Grave(2003) Reinventing the Wheel to Run Myself Over
41%
So Much (for) Stardust(2023) The Pink Seashell
41%
Folie à Deux(2009) The (Shipped) Gold Standard
41%
Believers Never Die – Greatest Hits(2009) Alpha Dog
40%
Take This to Your Grave(2003) Grenade Jumper
40%
Infinity on High(2007) The Carpal Tunnel of Love
40%
Folie à Deux(2009) w.a.m.s.
40%
So Much (for) Stardust(2023) What a Time to Be Alive
40%
Take This to Your Grave(2003) Sending Postcards from a Plane Crash (Wish You Were Here)
39%
Save Rock and Roll(2013) The Mighty Fall
39%
Save Rock and Roll(2013) Where Did the Party Go
39%
MANIA(2018) Young and Menace
39%
Infinity on High(2007) You're Crashing, But You're No Wave
39%
So Much (for) Stardust(2023) Baby Annihilation
37%
American Beauty/American Psycho(2015) Favorite Record
37%
Fall Out Boy's Evening Out with Your Girlfriend(2002) Growing Up
37%
Infinity on High(2007) The (After) Life of the Party
37%
Infinity on High(2007) Don't You Know Who I Think I Am?
36%
Infinity on High(Bonus)(2007) It's Hard To Say I Do, When I Don't
36%
So Much (for) Stardust(2023) The Kintsugi Kid (Ten Years)
36%
So Much (for) Stardust(2023) Heaven, Iowa
34%
From Under the Cork Tree(Bonus)(2006) My Heart is the Worst Kind of Weapon
34%
MANIA(2018) Sunshine Riptide
34%
Take This to Your Grave(2003) The Pros and Cons of Breathing
34%
MANIA(2018) Wilson (Expensive Mistakes)
34%
Folie à Deux(Hidden)(2009) Lullabye
33%
Fall Out Boy's Evening Out with Your Girlfriend(2002) Switchblades and Infidelity
33%
So Much (for) Stardust(2023) Flu Game
32%
MANIA(2018) Heaven's Gate
32%
Fall Out Boy's Evening Out with Your Girlfriend(2002) Honorable Mention
32%
My Heart Will Always Be the B-Side to My Tongue(2004) The Music or the Misery
32%
So Much (for) Stardust(2023) Fake Out
31%
So Much (for) Stardust(2023) I Am My Own Muse
31%
Fall Out Boy's Evening Out with Your Girlfriend(2002) Parker Lewis Can't Lose (But I'm Gunna Give It My Best Shot)
31%
From Under the Cork Tree(Bonus)(2006) Snitches and Talkers Get Stitches and Walkers
31%
Greatest Hits: Believers Never Die – Volume Two(2019) Bob Dylan
29%
Lake Effect Kid(2018) Super Fade
29%
Believers Never Die – Greatest Hits(Bonus)(2009) From Now On, We are Enemies
28%
So Much (for) Stardust(2023) So Good Right Now
28%
Fall Out Boy's Evening Out with Your Girlfriend(2002) The World's Not Waiting (For Five Tired Boys in a Broken Down Van)
28%
PAX•AM Days(2013) Caffeine Cold
26%
Lake Effect Kid(2018) City in a Garden
26%
Believers Never Die – Greatest Hits(Bonus)(2009) Yule Shoot Your Eye Out
26%
PAX•AM Days(2013) Love, Sex, Death
25%
PAX•AM Days(2013) American Made
24%
Fall Out Boy's Evening Out with Your Girlfriend(2002) Moving Pictures
24%
PAX•AM Days(2013) Demigods
23%
Fall Out Boy's Evening Out with Your Girlfriend(2002) Short, Fast, and Loud
23%
PAX•AM Days(2013) We Were Doomed from the Start (The King is Dead)
23%
Greatest Hits: Believers Never Die – Volume Two(2019) Dear Future Self (Hands Up)
21%
PAX•AM Days(2013) Art of Keeping Up Disappearances
20%
PAX•AM Days(2013) Hot to the Touch, Cold on the Inside
20%
My Heart Will Always Be the B-Side to My Tongue(2004) It's Not a Side Effect of the Cocaine, I Am Thinking It Must Be Love
18%
PAX•AM Days(2013) Eternal Summer
17%
Llamania(2018) Footprints in the Snow
10%
Llamania(2018) Wrong Side of Paradise
10%
Llamania(2018) Past Life
9%
No matching quizzes found
Score Distribution
Percent of People with Each Score
Percentile by Number Answered
Your Score History
You have not taken this quiz since the last reset